| 000 | 00530nam a2200205uu 4500 | ||
|---|---|---|---|
| 001 | WIIW0000188 | ||
| 003 | OSt | ||
| 005 | 20240927152844.0 | ||
| 007 | tu | ||
| 008 | 240927t2020 xxk||||| ||||||0| | | ||
| 020 | _a978-86-84321-23-9 | ||
| 040 | _cOSt | ||
| 041 | _asrp | ||
| 100 | _dMarija Obradovic | ||
| 245 | 0 | 0 |
_aHronika Tranzicijskog Groblja _bPrivatizacija Drustvenog Kapitala u Srbiji 1989-2012 |
| 260 |
_aBeograd _bNova Srpska Politicka Misao _c2022 |
||
| 300 |
_a579 S. ; _c25,5 cm. |
||
| 651 | _aSerbia | ||
| 942 |
_cB _2z |
||
| 999 |
_c9057 _d9057 |
||